000 00188 a2200097 4500
001 6966
100 _aTaylor, J W R
245 _a
260 _a
_bAli publication
_c
090 _c5750
_d5750
942 _aNUST-CAE
_cM
_c32212
999 _c242039
_d242039